| 000 | 00776nam a2200229 u 4500 | ||
|---|---|---|---|
| 001 | 000055597 | ||
| 005 | 20200120223126.0 | ||
| 008 | 130606s2007 ck gr 000 0 spa d | ||
| 020 | _a9789584502506. | ||
| 041 | 0 | _a"spa | |
| 043 | _as-ck--- | ||
| 082 | 0 | 4 |
_a618.24 _bB76 _221 |
| 100 | 1 | _aBrown, Judith E | |
| 245 | 1 | 0 |
_aCómo alimentarse antes, durante y después del embarazo / _cJudith E. Brown ; prólogo de Howard N. Jacobson ; traductor María Cristina Montaña. |
| 260 |
_aBogotá : _bNorma, _c2007. |
||
| 300 |
_a251 p. : _bil. |
||
| 500 | _aTítulo original : What to eat before, during, and after pregnancy | ||
| 650 | 1 | 4 |
_aEmbarazo _xAspectos nutricionales |
| 650 | 2 | 4 | _aNutrición fetal. |
| 650 | 2 | 4 | _aCuidado prenatal |
| 700 | 1 |
_aJacobson, Howard N. _eprologo. |
|
| 999 |
_c5154 _d5154 |
||